Osobitná zodpovednosť zamestnanca za škodu

Dohoda o hmotnej zodpovednosti. Zodpovednosť zamestnanca za stratu zverených predmetov. Rozsah a spôsob náhrady škody zamestnancom pri jeho osobitnej zodpovednosti. Vzory používanej dokumentácie.

Enregistré dans:
Détails bibliographiques
Auteur principal: Indrišek, Štefan
Autres auteurs: Rehuš, Stanislav
Format: Chapitre de livre
Langue:slovaque
Sujets:
Tags: Ajouter un tag
Pas de tags, Soyez le premier à ajouter un tag!

MARC

LEADER 00000naa$a2200000$$$4500
001 0040901
005 20230919095953.3
041 0 |a slo 
044 |a SK 
245 1 0 |a Osobitná zodpovednosť zamestnanca za škodu  |c Štefan Indrišek, Stanislav Rehuš 
520 |a Dohoda o hmotnej zodpovednosti. Zodpovednosť zamestnanca za stratu zverených predmetov. Rozsah a spôsob náhrady škody zamestnancom pri jeho osobitnej zodpovednosti. Vzory používanej dokumentácie. 
610 2 0 |a podnik 
610 2 0 |a zamestnanci 
610 2 0 |a zodpovednosť hmotná 
610 2 0 |a zodpovednosť za škody 
610 2 0 |a náhrada škody 
100 1 |a Indrišek, Štefan 
700 1 |a Rehuš, Stanislav